[Event "AUTO-OPEN-4081"]
[Site "http://www.queenalice.com/game.php?id=1578850"]
[Date "2019.7.29"]
[Round "1"]
[White "Renatogr90"]
[Black "Alex_ac"]
[Result "0-1"]
[WhiteElo "1675"]
[BlackElo "1921"]

1. e4 g6 2. Bc4 e6 3. Qf3 Bg7 4. Ne2 a6 5. Nec3 Ne7 6. O-O Nbc6 7. d3 O-O 8. Bf4
h6 9. Nd2 Nd4 10. Qg3 d6 11. Rfc1 Nec6 12. Nf3 e5 13. Be3 Nxf3+ 14. Qxf3 h5 15.
Bd5 Nd4 0-1

[Event "AUTO-OPEN-4081"]
[Site "http://www.queenalice.com/game.php?id=1578867"]
[Date "2019.7.29"]
[Round "1"]
[White "Renatogr90"]
[Black "AdrianaSP"]
[Result "1-0"]
[WhiteElo "1882"]
[BlackElo "1772"]

1. e4 e5 2. Nf3 Nc6 3. Bc4 a6 4. Nc3 Nf6 5. d3 Bd6 6. Bg5 h6 7. Bh4 g5 8. Bg3 b5
9. Bb3 Nd4 10. Nxd4 exd4 11. Nd5 Bxg3 12. fxg3 Nxd5 13. Bxd5 c6 14. Bb3 d6 15.
Qf3 d5 16. exd5 cxd5 17. Bxd5 Ra7 18. O-O Rh7 19. Bc6+ Bd7 20. Rae1+ Kf8 21. Qf6
Qxf6 22. Rxf6 Bxc6 23. Rxc6 f5 24. Ree6 Kf7 25. Rxh6 Rxh6 26. Rxh6 a5 27. Rh7+
1-0

[Event "AUTO-OPEN-4081"]
[Site "http://www.queenalice.com/game.php?id=1578868"]
[Date "2019.7.29"]
[Round "1"]
[White "AdrianaSP"]
[Black "Renatogr90"]
[Result "1-0"]
[WhiteElo "1695"]
[BlackElo "1869"]

1. e4 e5 2. Nc3 Nf6 3. h3 Bb4 4. a3 Bxc3 5. dxc3 Nxe4 6. Qe2 f5 7. g4 d5 8. gxf5
Bxf5 9. Nf3 Nd7 10. Qb5 O-O 11. Qxd5+ Kh8 12. Nxe5 Nxe5 13. Qxe5 c6 14. Bh6 Rf6
15. Bf4 g5 16. Be3 Qd6 17. Qxd6 Rxd6 18. Bd3 Re8 19. Bd4+ Kg8 20. Bc4+ Kf8 21.
O-O-O b5 22. Bd3 Rd5 23. Bxa7 c5 24. Bxb5 Rxd1+ 25. Rxd1 Nxf2 26. Bxc5+ Kf7 27.
Bxf2 Rb8 28. Bc4+ Kf6 29. Rd6+ Ke7 30. Rh6 g4 31. hxg4 Bxg4 32. Rxh7+ Kf6 33.
Bd4+ Kg5 34. Rg7+ Kh4 35. Bf6+ Kh3 36. Bf1+ Kg3 37. Be5+ Kf2 38. Bxb8 Kxf1 39.
Rxg4 1-0

[Event "AUTO-INT-3416"]
[Site "http://www.queenalice.com/game.php?id=1579215"]
[Date "2019.8.3"]
[Round "3"]
[White "zmanomega"]
[Black "Renatogr90"]
[Result "0-1"]
[WhiteElo "1558"]
[BlackElo "1894"]

1. e4 e5 2. Bc4 Bc5 3. g3 d6 4. Qf3 Qf6 5. Qg2 Bg4 6. f3 Bh5 7. g4 Bg6 8. Nc3
Nd7 9. h4 h6 10. Nb5 O-O-O 11. a4 a6 12. Nc3 Bxg1 13. Rxg1 Ne7 14. Rh1 Bh7 15.
a5 g5 16. h5 Nc6 17. Ra4 Nd4 18. Kd1 Nxf3 19. Qf2 Nh4 20. Qa7 Qf3+ 21. Ne2 Qxh1+
22. Ng1 Nc5 23. c3 Qxg1+ 24. Kc2 Bxe4+ 25. d3 Qf2+ 26. Kb1 Qe1 27. Rb4 Bxd3+ 28.
Ka2 Qxc1 29. Bxd3 Nxd3 30. Qxb7+ Kd7 31. Rb3 Nc5 32. Qd5 Nxb3 0-1

[Event "AUTO-INT-3416"]
[Site "http://www.queenalice.com/game.php?id=1579216"]
[Date "2019.8.3"]
[Round "3"]
[White "Renatogr90"]
[Black "zmanomega"]
[Result "1-0"]
[WhiteElo "1897"]
[BlackElo "1555"]

1. e4 e5 2. Nf3 d6 3. Bc4 Bg4 4. Nc3 c6 5. d3 Qf6 6. Be3 b5 7. Bb3 b4 8. Ne2 Qd8
9. Ng3 g6 10. h3 Be6 11. Bxe6 fxe6 12. O-O c5 13. d4 exd4 14. Bg5 Nf6 15. e5
dxe5 16. Nxe5 Qd6 17. Bxf6 Rg8 18. c4 Be7 19. Bxe7 Kxe7 20. Qf3 Qxe5 21. Qxa8 d3
22. Qxa7+ Kf6 23. f4 Qe3+ 24. Kh2 Rh8 25. Rad1 h5 26. Qxc5 Qxc5 27. Ne4+ Kf5 28.
Nxc5 Rd8 29. Nxd3 Nc6 30. Nxb4 Rc8 31. Nxc6 Rxc6 32. b3 Kf6 33. a4 1-0

[Event "Challenge"]
[Site "http://www.queenalice.com/game.php?id=1579745"]
[Date "2019.8.8"]
[Round "-"]
[White "WLAO"]
[Black "Renatogr90"]
[Result "1-0"]
[WhiteElo "1621"]
[BlackElo "1828"]

1. e4 e5 2. Nf3 Nc6 3. c3 Nf6 4. d3 Bc5 5. Bg5 h6 6. b4 Bb6 7. Bh4 d6 8. Qe2 Bg4
9. Nbd2 g5 10. Bg3 Qd7 11. a4 a6 12. a5 Ba7 13. Nc4 O-O-O 14. Qd1 d5 15. Ncd2
dxe4 16. dxe4 Bxf3 17. gxf3 h5 18. h3 h4 19. Bh2 Bxf2+ 20. Kxf2 Qxd2+ 21. Qxd2
Rxd2+ 22. Kg1 Rc2 23. Bd3 Rxc3 24. Be2 Nxb4 25. Bxe5 Rc6 26. Bxf6 Rxf6 27. Kh2
Nc2 28. Ra4 Rd8 29. Bd1 Rd2+ 30. Kg1 Rxd1+ 31. Kf2 1-0

[Event "AUTO-ADV-4220"]
[Site "http://www.queenalice.com/game.php?id=1580381"]
[Date "2019.8.15"]
[Round "1"]
[White "equus"]
[Black "Renatogr90"]
[Result "1-0"]
[WhiteElo "1793"]
[BlackElo "1846"]

1. d4 d5 2. c4 dxc4 3. Bf4 Bf5 4. e3 Bxb1 5. Qxb1 Nc6 6. Bxc4 Nf6 7. f3 Nd5 8.
Ne2 Nxf4 9. Nxf4 e6 10. Bb5 a6 11. Bxc6+ bxc6 12. O-O Bd6 13. Qc1 Qd7 14. Qc4
O-O 15. Ne2 a5 16. a3 Rab8 17. b3 e5 18. dxe5 Bxe5 19. Rfd1 Qe6 20. Qxe6 fxe6
21. Rab1 c5 22. e4 Rfd8 23. f4 Rxd1+ 24. Rxd1 Rxb3 25. fxe5 Rxa3 26. Rc1 Ra4 27.
Ng3 c4 28. Ne2 g5 29. Rc3 Ra1+ 30. Kf2 a4 31. Rxc4 a3 32. Rxc7 a2 33. Ra7 h5 34.
h3 h4 35. Nd4 Rh1 36. Rxa2 Kf7 37. Ra7+ Kg6 38. Nxe6 1-0

[Event "AUTO-ADV-4220"]
[Site "http://www.queenalice.com/game.php?id=1580382"]
[Date "2019.8.15"]
[Round "1"]
[White "Renatogr90"]
[Black "equus"]
[Result "0-1"]
[WhiteElo "1756"]
[BlackElo "1790"]

1. e4 e5 2. Nf3 Nc6 3. Bb5 Nge7 4. d3 d6 5. Bg5 Bd7 6. Nc3 f6 7. Bh4 a6 8. Ba4
b5 9. Bb3 Nd4 10. Nd5 Nxd5 11. Bxd5 Nxf3+ 12. Qxf3 c6 13. Bb3 Be7 14. Qg3 g5 15.
Bxg5 fxg5 16. Qf3 Bf6 17. O-O Qe7 18. c3 c5 19. Bd5 Ra7 20. b4 g4 21. Qe3 Bg5
22. Qe2 h5 23. g3 Be6 24. Bxe6 Qxe6 25. bxc5 dxc5 26. c4 h4 27. cxb5 axb5 28. d4
c4 29. d5 Qd7 30. d6 hxg3 31. fxg3 Ra3 32. Rf5 Qg7 33. Rb1 Rf8 34. Rxb5 Rxf5 35.
exf5 Qa7+ 36. Kf1 Rf3+ 37. Ke1 Re3 38. Qxe3 Bxe3 39. f6 Qxa2 40. Rxe5+ Kf7 0-1

[Event "AUTO-ADV-4220"]
[Site "http://www.queenalice.com/game.php?id=1580393"]
[Date "2019.8.15"]
[Round "1"]
[White "luiz_gustavo"]
[Black "Renatogr90"]
[Result "0-1"]
[WhiteElo "1681"]
[BlackElo "1890"]

1. e4 e5 2. Nf3 Nc6 3. Nc3 Bb4 4. a3 Bxc3 5. dxc3 Nf6 6. Bg5 d6 7. Bb5 a6 8.
Bxc6+ bxc6 9. h3 h6 10. Bxf6 Qxf6 11. O-O Qg6 12. Kh2 O-O 13. Nh4 Qxe4 14. Nf3
f5 15. Re1 Qd5 16. Qe2 e4 17. Nd4 c5 18. Nb3 Qe5+ 19. g3 f4 20. Qf1 fxg3+ 21.
Kg1 gxf2+ 0-1

[Event "AUTO-ADV-4220"]
[Site "http://www.queenalice.com/game.php?id=1580394"]
[Date "2019.8.15"]
[Round "1"]
[White "Renatogr90"]
[Black "luiz_gustavo"]
[Result "1-0"]
[WhiteElo "1893"]
[BlackElo "1704"]

1. e4 e5 2. Nf3 Nc6 3. Bb5 a6 4. Bxc6 dxc6 5. d3 Nf6 6. Bg5 Be7 7. O-O Qd6 8.
Bxf6 Bxf6 9. Nc3 Bg4 10. h3 Bxf3 11. Qxf3 O-O-O 12. h4 h6 13. a3 Rd7 14. Ne2
Bxh4 15. c3 Rf8 16. Rfd1 Qg6 17. Qh3 Be7 18. Ng3 Rd8 19. Nf5 Bc5 20. b4 Ba7 21.
Ne7+ 1-0

[Event "AUTO-ADV-4220"]
[Site "http://www.queenalice.com/game.php?id=1580399"]
[Date "2019.8.15"]
[Round "1"]
[White "Bigchess"]
[Black "Renatogr90"]
[Result "1-0"]
[WhiteElo "1913"]
[BlackElo "1716"]

1. e4 e5 2. Nf3 Nc6 3. Bc4 Nf6 4. d3 Nd4 5. Nxe5 d6 6. Nxf7 Qe7 7. Nxh8 Bd7 8.
Bf7+ Kd8 9. Bc4 Be6 10. Bxe6 Nxe6 11. Nc3 g6 12. Nxg6 hxg6 13. Qe2 Nd4 14. Qd1
Nh5 15. h4 Kd7 16. Bg5 Qe5 17. Qd2 Be7 18. Bxe7 Kxe7 19. O-O-O b5 20. Qh6 b4 21.
Qh7+ Qg7 22. Qxg7+ Nxg7 23. Nd5+ Kd7 24. Nxb4 Rb8 25. Nd5 Nh5 26. g4 Ng7 27. f4
c6 28. Nf6+ Kc7 29. g5 Ne2+ 30. Kd2 Nxf4 31. b3 d5 32. exd5 cxd5 33. a4 Nf5 34.
Rde1 Nd4 35. Re7+ Kd6 36. Rxa7 Ke6 37. Re1+ Kf5 38. Ree7 Nc6 39. Rab7 Rxb7 40.
Rxb7 Nd8 41. Rb5 Nf7 42. Nxd5 Kg4 43. a5 Nxd5 44. Rxd5 Kxh4 45. a6 1-0

[Event "AUTO-ADV-4220"]
[Site "http://www.queenalice.com/game.php?id=1580400"]
[Date "2019.8.15"]
[Round "1"]
[White "Renatogr90"]
[Black "Bigchess"]
[Result "0-1"]
[WhiteElo "1911"]
[BlackElo "1862"]

1. e4 e5 2. Nf3 d6 3. Bc4 Be7 4. Nc3 Nf6 5. d3 Nc6 6. Bg5 Be6 7. Bxf6 Bxf6 8.
O-O Bxc4 9. dxc4 O-O 10. Nd5 Bg5 11. Nxg5 Qxg5 12. h3 Rac8 13. b4 Nd4 14. c3 Ne6
15. Qg4 Qxg4 16. hxg4 Rfe8 17. g3 c6 18. Ne3 Ng5 19. f3 a6 20. Nf5 Rcd8 21. Rad1
Re6 22. c5 d5 23. exd5 Rxd5 24. Rxd5 cxd5 25. Kg2 f6 26. a4 g6 27. Nh4 Kg7 28.
f4 Ne4 29. fxe5 Rxe5 30. Rc1 h6 31. Kf3 Nd2+ 32. Kf4 Re4# 0-1

[Event "AUTO-OPEN-4090"]
[Site "http://www.queenalice.com/game.php?id=1582181"]
[Date "2019.9.1"]
[Round "1"]
[White "Capixaba789"]
[Black "Renatogr90"]
[Result "1-0"]
[WhiteElo "1828"]
[BlackElo "1728"]

1. e4 e5 2. Bc4 Bc5 3. Nf3 Nc6 4. d3 h6 5. Qe2 d6 6. Nc3 Bg4 7. Be3 Bxe3 8. fxe3
Qf6 9. O-O-O Nge7 10. Rdf1 O-O-O 11. Qf2 Bxf3 12. gxf3 g5 13. h4 Na5 14. Kb1
gxh4 15. Rxh4 Nxc4 16. dxc4 Rhg8 17. Rhh1 1-0

[Event "AUTO-OPEN-4090"]
[Site "http://www.queenalice.com/game.php?id=1582182"]
[Date "2019.9.1"]
[Round "1"]
[White "Renatogr90"]
[Black "Capixaba789"]
[Result "0-1"]
[WhiteElo "1741"]
[BlackElo "1815"]

1. e4 e5 2. Nf3 d6 3. Bc4 Be7 4. O-O Nf6 5. Nc3 Nc6 6. Bd5 Nxd5 7. exd5 Nb8 8.
d3 Nd7 9. Be3 Nf6 10. Bg5 O-O 11. Ne4 a6 12. Bxf6 Bxf6 13. Nxf6+ Qxf6 14. Qe2
Bg4 15. h3 Bxf3 16. Qxf3 Qxf3 0-1

[Event "AUTO-OPEN-4090"]
[Site "http://www.queenalice.com/game.php?id=1582207"]
[Date "2019.9.1"]
[Round "1"]
[White "chessman"]
[Black "Renatogr90"]
[Result "1-0"]
[WhiteElo "1951"]
[BlackElo "1687"]

1. e4 e5 2. Nf3 Nc6 3. Bb5 a6 4. Ba4 b5 5. Bb3 h6 6. d4 Bb7 7. dxe5 Bc5 8. Bxf7+
Kxf7 9. Qd5+ Ke8 10. Qxc5 Qe7 11. Qc3 d6 12. exd6 Qxd6 13. O-O Ne5 14. Qxe5+ 1-0

[Event "AUTO-OPEN-4090"]
[Site "http://www.queenalice.com/game.php?id=1582208"]
[Date "2019.9.1"]
[Round "1"]
[White "Renatogr90"]
[Black "chessman"]
[Result "0-1"]
[WhiteElo "1693"]
[BlackElo "1945"]

1. e4 e6 2. e5 d5 3. exd6 cxd6 4. d4 d5 5. Bf4 Nf6 6. Nc3 Bd6 7. Bxd6 Qxd6 8.
Bb5+ Bd7 9. Nge2 O-O 10. Bxd7 Nbxd7 11. O-O a6 12. Qd3 Rfc8 13. g3 h6 14. Nf4 b5
0-1

[Event "AUTO-OPEN-4090"]
[Site "http://www.queenalice.com/game.php?id=1582225"]
[Date "2019.9.1"]
[Round "1"]
[White "Renatogr90"]
[Black "pomar"]
[Result "0-1"]
[WhiteElo "1708"]
[BlackElo "2001"]

1. e4 e6 2. e5 d5 3. exd6 Bxd6 4. Bc4 c5 5. Nf3 a6 6. d4 b5 7. Bd3 Bb7 8. Bg5 f6
9. Bh4 Ne7 10. Nc3 cxd4 11. Nxd4 Qc8 12. O-O Kf7 13. Ne4 Be5 14. Bg3 Qc7 15.
Bxe5 Qxe5 16. c3 Bxe4 17. Bxe4 Qxe4 18. Qf3 Qxf3 19. Nxf3 Nbc6 20. Rfd1 Rhd8 21.
Rxd8 Rxd8 22. h3 Ng6 23. Kh2 Nce5 0-1

[Event "AUTO-OPEN-4090"]
[Site "http://www.queenalice.com/game.php?id=1582226"]
[Date "2019.9.1"]
[Round "1"]
[White "pomar"]
[Black "Renatogr90"]
[Result "1-0"]
[WhiteElo "2013"]
[BlackElo "1696"]

1. f3 e5 2. Kf2 Bc5+ 3. e3 d6 4. g3 Nf6 5. c4 Nc6 6. Nc3 a6 7. Nge2 Be6 8. b3
O-O 9. d4 Bb4 10. d5 Bxc3 11. Nxc3 Ne7 12. dxe6 fxe6 13. Bh3 Nf5 14. g4 Ne7 15.
g5 Nh5 16. Bxe6+ Kh8 17. e4 Nf4 18. Bxf4 exf4 19. h4 Ng6 20. Qd2 Qe7 21. Bf5 Ne5
22. h5 Qxg5 23. Rag1 Qf6 24. Nd5 1-0